The politics of space in the poetry of Carol Ann Duffy / (رقم التسجيلة. 177531)

تفاصيل مارك
000 -LEADER
fixed length control field 04024namaa22004211i 4500
003 - CONTROL NUMBER IDENTIFIER
control field EG-GICUC
005 - أخر تعامل مع التسجيلة
control field 20260120115926.0
008 - FIXED-LENGTH DATA ELEMENTS--GENERAL INFORMATION
fixed length control field 260109s2025 ua a|||frm||| 000 0 eng d
040 ## - CATALOGING SOURCE
Original cataloguing agency EG-GICUC
Language of cataloging eng
Transcribing agency EG-GICUC
Modifying agency EG-GICUC
Description conventions rda
041 0# - LANGUAGE CODE
Language code of text/sound track or separate title eng
Language code of summary or abstract eng
-- ara
049 ## - Acquisition Source
Acquisition Source Deposit
082 04 - DEWEY DECIMAL CLASSIFICATION NUMBER
Classification number 420
092 ## - LOCALLY ASSIGNED DEWEY CALL NUMBER (OCLC)
Classification number 420
Edition number 21
097 ## - Degree
Degree Ph.D
099 ## - LOCAL FREE-TEXT CALL NUMBER (OCLC)
Local Call Number Cai01.02.12.Ph.D.2025.Na.P
100 0# - MAIN ENTRY--PERSONAL NAME
Authority record control number or standard number Nariman Mohamed Mohamed Eid,
Preparation preparation.
245 14 - TITLE STATEMENT
Title The politics of space in the poetry of Carol Ann Duffy /
Statement of responsibility, etc. by Nariman Mohamed Mohamed Eid ; Supervision Prof. Shereen Abouelnaga.
246 15 - VARYING FORM OF TITLE
Title proper/short title سياسات المكان فى شعر كارول آن دافى
264 #0 - PRODUCTION, PUBLICATION, DISTRIBUTION, MANUFACTURE, AND COPYRIGHT NOTICE
Date of production, publication, distribution, manufacture, or copyright notice 2025.
300 ## - PHYSICAL DESCRIPTION
Extent 163 pages :
Other physical details illustrations ;
Dimensions 25 cm. +
Accompanying material CD.
336 ## - CONTENT TYPE
Content type term text
Source rda content
337 ## - MEDIA TYPE
Media type term Unmediated
Source rdamedia
338 ## - CARRIER TYPE
Carrier type term volume
Source rdacarrier
502 ## - DISSERTATION NOTE
Dissertation note Thesis (Ph.D)-Cairo University, 2025.
504 ## - BIBLIOGRAPHY, ETC. NOTE
Bibliography, etc. note Bibliography: pages 151-163.
520 #3 - SUMMARY, ETC.
Summary, etc. Despite the fact that Carol Ann Duffy’s poetry has become a popular area of <br/>research, especially after she became Poet Laureate in 2009, space is an under-<br/>researched element in her work. This research focuses on the politics of space as <br/>shown in six of Duffy’s poetry collections. The complex interplay between center <br/>and margin provides the figures in Duffy’s poems with new spaces that engage <br/>them in processes of motion and transformation. The figures therefore move in <br/>order to find their freedom or lose their agency and remain confined. Thus, <br/>whether Duffy’s figures are endowed with or deprived of voice will be another <br/>question of this study in the light of the politics of space. This will be done by <br/>inspecting spaces of confinement, spaces which allow traversing from margin to <br/>center and a more intriguing space of the unending. The research adopts an eclectic <br/>approach so as to explore Duffy’s poetry through a relatively fresh angle, namely, <br/>the intertwinement of space and voice.
520 #3 - SUMMARY, ETC.
Summary, etc. على الرغم من أن شعر كارول آن دافى أصبح مجالا خصبا للبحث، خصوصاً منذ أن أصبحت الشاعرة الرسمية/ شاعرة البلاط عام 2009، إلا أن المكان فى شعرها لم يتم التركيز عليه بشكل كبير. يركز هذا البحث على سياسات المكان فى ستة دواوين شعرية لدافى. العلاقة المعقدة بين المركز والهامش تمد الشخصيات بمساحات جديدة تبقيهم دائما فى عملية حركة وتغيير. لذا، تتحرك بعض الشخصيات لتجد حريتها بينما يفشل البعض الآخر ويبقى مقيدا بلا فاعلية. لذلك، سوف يتعرض هذا البحث أيضا لإشكالية وجود صوت هذه الشخصيات أو انعدامه فى ضوء سياسات المكان. يفحص هذا البحث المساحات المقيدة للحركة، والمساحات التى تسمح للشخصيات بالعبور من الهامش الى المركز، ومساحة أكثر غموضا وهى اللامحدودية. يأخذ هذا البحث على عاتقه قراءة كتب دافى المختارة من خلال نهجا نقديا انتقائيا لفحص هذه الزاوية الجديدة نسبيا، ألا وهى تشابك الصوت مع المكان.
530 ## - ADDITIONAL PHYSICAL FORM AVAILABLE NOTE
Issues CD Issues also as CD.
546 ## - LANGUAGE NOTE
Text Language Text in English and abstract in Arabic & English.
650 #0 - SUBJECT ADDED ENTRY--TOPICAL TERM
Topical term or geographic name entry element English language
650 #0 - SUBJECT ADDED ENTRY--TOPICAL TERM
Topical term or geographic name entry element اللغة الأنجليزية
653 #1 - INDEX TERM--UNCONTROLLED
Uncontrolled term Space
-- Carol Ann Duffy
-- Voice
-- Agency Poetry
-- المكان
-- كارول آن دافى
700 0# - ADDED ENTRY--PERSONAL NAME
Personal name Shereen Abouelnaga
Relator term thesis advisor.
900 ## - Thesis Information
Grant date 01-01-2025
Supervisory body Shereen Abouelnaga
Universities Cairo University
Faculties Faculty of Arts
Department Department of English Language and Literature
905 ## - Cataloger and Reviser Names
Cataloger Name Shimaa
Reviser Names Eman Ghareb
942 ## - ADDED ENTRY ELEMENTS (KOHA)
Source of classification or shelving scheme Dewey Decimal Classification
Koha item type Thesis
Edition 21
Suppress in OPAC No
المقتنيات
Source of classification or shelving scheme Home library Current library Date acquired Inventory number Full call number Barcode Date last seen Effective from Koha item type
Dewey Decimal Classification المكتبة المركزبة الجديدة - جامعة القاهرة قاعة الرسائل الجامعية - الدور الاول 09.01.2026 93094 Cai01.02.12.Ph.D.2025.Na.P 01010110093094000 09.01.2026 09.01.2026 Thesis
Cairo University Libraries Portal Implemented & Customized by: Eng. M. Mohamady Contacts: new-lib@cl.cu.edu.eg | cnul@cl.cu.edu.eg
CUCL logo CNUL logo
© All rights reserved — Cairo University Libraries
CUCL logo
Implemented & Customized by: Eng. M. Mohamady Contact: new-lib@cl.cu.edu.eg © All rights reserved — New Central Library
CNUL logo
Implemented & Customized by: Eng. M. Mohamady Contact: cnul@cl.cu.edu.eg © All rights reserved — Cairo National University Library